Science Quiz

Random Science or Biology Quiz

SO YOU WANT TO BE A BIOLOGY MASTER? Quiz Stats

 Plays Quiz not verified by Sporcle

Challenge
Share
Tweet
Embed
Score 0/40 Timer 10:00
0 Plays Today
% Correct
monomer
65.9%
polymer
56.3%
cellulose
51.1%
enzyme
46.7%
hydrolysis
45.9%
chitin
43.7%
20
40%
starch
38.5%
dehydration
37%
phospholipid
35.6%
amino acids
34.8%
peptide bond
34.8%
gene
34.1%
cholesterol
33.3%
lipids
31.1%
nucleotide
29.6%
double helix
23.7%
secondary structure
23%
tertiary structure
23%
DNA and RNA
23%
% Correct
primary structure
20.7%
quaternary structure
19.3%
polypeptides
18.5%
denaturation
17.8%
saturated fatty acid
17%
steroids
17%
deoxyribose
17%
ribose
17%
glycosidic linkage
14.8%
polysaccharide
14.1%
pyrimidine
12.6%
oxygen atom
10.4%
3 to 1
8.9%
x-ray crystallography
8.9%
antiparallel
8.9%
purines
7.4%
chaperonins
4.4%
polynucleotides
3%
phosphodiester linkages
2.2%
fats, phospholipids, steroids
1.5%

You're not logged in!

Compare scores with friends on all Sporcle quizzes.
Join for Free
OR
Log In

You Might Also Like...

Show Comments

Extras

Created Oct 2, 2011ReportNominate
Tags:Biology Quiz, master

Top Quizzes Today


Score Distribution

Your Account Isn't Verified!

In order to create a playlist on Sporcle, you need to verify the email address you used during registration. Go to your Sporcle Settings to finish the process.

Report this User

Report this user for behavior that violates our Community Guidelines.

Details: